000 00431nam a22001817a 4500
003 MPLRDC
005 20220104172031.0
008 210129b ||||| |||| 00| 0 eng d
020 _a0-7195-5374-1
082 _a360.3 MUR
100 _aOHN MURRAY
245 _aADVANCED BIOLOGY, PRINCIPLES AND APPLICATIONS
_c
250 _a初版
260 _a
_bC. J. CLEGG
_c1994
300 _b
650 _a
942 _cBK
_o360.3 MUR
999 _c58733
_d58723